Trh so zlatom

Zlato je špecifická komodita. Nemá významné použitie vo výrobnej sfére. V priemysle či zdravotníctve, kde sa používa, existujú jeho plnohodnotné náhrady. Určitú hodnotu má ako spotrebný tovar vo forme šperkov, keďže mnohí oceňujú jeho stálosť, trblietavý lesk, vysokú hmotnosť a ďalšie vlastnosti. Z...

ver descrição completa

Na minha lista:
Detalhes bibliográficos
Autor principal: Zeman, Juraj
Formato: Capítulo de Livro
Idioma:eslovaco
Assuntos:
Tags: Adicionar Tag
Sem tags, seja o primeiro a adicionar uma tag!

MARC

LEADER 00000naa a2200000 4500
001 0181912
005 20221020084553.7
041 0 |a slo 
044 |a SK 
245 1 0 |a Trh so zlatom  |c Juraj Zeman 
520 |a Zlato je špecifická komodita. Nemá významné použitie vo výrobnej sfére. V priemysle či zdravotníctve, kde sa používa, existujú jeho plnohodnotné náhrady. Určitú hodnotu má ako spotrebný tovar vo forme šperkov, keďže mnohí oceňujú jeho stálosť, trblietavý lesk, vysokú hmotnosť a ďalšie vlastnosti. Z historických dôvodov však má medzi ostatnými alternatívami výsostné postavenie uchovávateľa hodnoty. Vo väčšine významných civilizácií v minulosti používali zlato ako prostriedok výmeny tovarov a služieb a tiež ako bezpečnú investíciu. Tento štatút získalo zlato jednak pre svoje fyzikálne vlastnosti – stálosť, nezničiteľnosť, deliteľnosť, ako aj pre jeho obmedzenú ponuku, vyplývajúcu zo skutočnosti, že jeho ťažba, následné spracovanie a uskladnenie sú veľmi nákladné. 
610 2 0 |a zlato 
610 2 0 |a banky centrálne 
610 2 0 |a portfólio 
610 2 0 |a cena zlata 
610 2 0 |a trh zlata 
100 1 |a Zeman, Juraj